Library Banner

Hindu nationalism and the evolution of contemporary Indian security: (Record no. 91092)

MARC details
000 -LEADER
fixed length control field 00596nam a22001937a 4500
005 - DATE AND TIME OF LATEST TRANSACTION
control field 20170221123118.0
008 - FIXED-LENGTH DATA ELEMENTS--GENERAL INFORMATION
fixed length control field 170221b xxu||||| |||| 00| 0 eng d
020 ## - INTERNATIONAL STANDARD BOOK NUMBER
International Standard Book Number 9780198089551
040 ## - CATALOGING SOURCE
Transcribing agency PK-LaUMT
082 ## - DEWEY DECIMAL CLASSIFICATION NUMBER
Classification number 954.035
Item number OGD-H
100 ## - MAIN ENTRY--PERSONAL NAME
Personal name Ogden , Chris
245 ## - TITLE STATEMENT
Title Hindu nationalism and the evolution of contemporary Indian security:
Remainder of title portents of power/
Statement of responsibility, etc Chris Ogden
260 ## - PUBLICATION, DISTRIBUTION, ETC. (IMPRINT)
Place of publication, distribution, etc New Delhi:
Name of publisher, distributor, etc Oxfrod University,
Date of publication, distribution, etc 2014
300 ## - PHYSICAL DESCRIPTION
Extent 257 p.
490 ## - SERIES STATEMENT
Series statement IRSA the Oxford international relations in South Asia series
546 ## - LANGUAGE NOTE
Language note EN
650 ## - SUBJECT ADDED ENTRY--TOPICAL TERM
Topical term or geographic name as entry element Nationalism India
942 ## - ADDED ENTRY ELEMENTS (KOHA)
Koha item type Books
Holdings
Withdrawn status Lost status Damaged status Home library Current library Date acquired Full call number Barcode Date last seen Price effective from Koha item type Copy number
      UMT Main Campus UMT Main Campus 2017-02-21 954.035 OGD-H 105417 2017-10-24 2017-02-21 Books  
      UMT Main Campus UMT Main Campus 2017-02-23 954.035 OGD-H 105625 2018-09-07 2017-02-23 Books C-2